Manual per a empreses subministradores de material bibliogràfic
Descripción Física:
52 f. ; 29 cm
MARC
| LEADER | 00000nam a2200000Ia 4500 | ||
|---|---|---|---|
| 001 | 21159 | ||
| 008 | 160829s2008 xx 000 0 cat d | ||
| 080 | |a A-2-333 | ||
| 245 | |a Manual per a empreses subministradores de material bibliogràfic | ||
| 260 | |a Barcelona : |b Diputació de Barcelona. Gerència de Serveis de Biblioteques, |c 2008 | ||
| 300 | |a 52 f. ; |c 29 cm | ||
| 650 | |a Biblioteques |x Manuals, guies, etc. |9 43138 | ||
| 650 | |a Barcelona. Diputació. Servei de Biblioteques |x Manuals, guies, etc. |9 43139 | ||
| 710 | 1 | |a Barcelona (Catalunya : Província). |b Gerència de Serveis de Biblioteques |9 52661 | |
| 901 | |a Arxiu | ||
| 942 | |n 1 | ||
| 952 | |0 0 |1 0 |4 0 |6 A2333 |7 1 |9 51227 |a Arxiu |b Arxiu |d 2016-12-01 |l 0 |o A-2-333 |p 21159 |r 2016-12-01 00:00:00 |w 2016-12-01 |y ARXIU | ||
| 999 | |c 55070 |d 55070 | ||